Statistics for Hey Everybody! - 5 Seconds of Summer (All Lyrics)

Click here to take the quiz!

General Stats

  • This quiz has been taken 85 times
  • The average score is 270 of 333

Answer Stats

Hey Everybody!% Correct
he
98%
He
98%
ever
97%
Bridge | ChorusHey
97%
every
95%
everybody?
95%
everybody
95%
we
93%
We
93%
a
92%
Verse 2Don't
92%
don't
92%
have
92%
this
92%
what
92%
to
90%
way
90%
you
90%
all
88%
can
88%
live
88%
So
88%
Yeah
88%
And
87%
and
87%
get
87%
got
87%
it
87%
Oh
87%
oh
87%
paid
87%
say
87%
of
85%
the
85%
It's
82%
it's
82%
up
80%
Gotta
78%
gotta
78%
job
78%
me
78%
some
78%
today
78%
can't
75%
end
75%
month
75%
bus
73%
in
73%
goes
72%
not
72%
pay
72%
first
70%
for
70%
Verse 1She
70%
world
68%
been
67%
cause
67%
her
67%
rent
67%
that
67%
we've
67%
afford
65%
but
65%
car
65%
credit
65%
out
65%
road
65%
your
65%
Your
65%
ain't
63%
before
63%
change
63%
dollar
63%
enough
63%
give
63%
ironic
63%
just
63%
there
63%
town
62%
has
60%
He's
60%
account
58%
bank
58%
funds
58%
home
58%
leave
58%
maxed
58%
walking
58%
weekend
58%
needs
57%
they
57%
what's
57%
Work
57%
cards
55%
feels
55%
good
55%
know
55%
ones
55%
IntroSounds
55%
with
55%
make
53%
pays
53%
gas
52%
insufficient
52%
around
50%
our
50%
Think
50%
back
47%
own
47%
turn
47%
luck
43%
says
40%
Everyone
37%
you'll
37%

Score Distribution

Percentile by Number Answered

Percent of People with Each Score

Your Score History

You have not taken this quiz